| 000 | 00773cab a2200217 4500 | ||
|---|---|---|---|
| 001 | WB2243-12 | ||
| 008 | 090401t1986 xxu||||| |||| 00| 0 eng d | ||
| 035 | _a(Sirsi) u13897 | ||
| 041 | _aeng | ||
| 245 | _aRented housing encouraged | ||
| 260 | _c1986 | ||
| 350 | _a0 | ||
| 490 |
_aTimes _v27/10/86 p5 |
||
| 520 | _aThe Minister for Housing is to make speeches at three main conferences advocating Government policy . Notes a proposed scheme in Cardiff , where the City Council, two housing associations and the Halifax Building Society will join forces to provide up to 700 houses for renting. | ||
| 650 | _aJOINT VENTURES | ||
| 650 | _aPRIVATE RENTED SECTOR | ||
| 650 | _aRIGHT TO RENT | ||
| 690 |
_aBlock management _96220 |
||
| 942 | _n0 | ||
| 948 | _c04/03/1997 | ||
| 999 |
_c8977 _d8977 |
||